Updated Top 5 Cities in Arizona by Population - Statistics

General Stats
  • This quiz has been taken 44 times
  • The average score is 4 of 5
Answer Stats
County City % Correct
Maricopa Phoenix
100%
Pima Tucson
89%
Maricopa Mesa
71%
Maricopa Glendale
60%
Maricopa Chandler
51%
No matching quizzes found
Score Distribution
Percent of People with Each Score
Percentile by Number Answered
Your Score History
You have not taken this quiz